000 00407nam a2200181Ia 4500
001 2939
005 20260306144844.0
008 260306t1999||||xx |||||||||||||| ||spa||
041 _aESP
082 _a234
_bP25
100 _aPapini, Giovanni
_eAUT
245 0 _aHistoria de Cristo
260 _c1999
300 _a247 páginas :
_c22 cm.
650 _aGEN
654 _aCHU
942 _cLIB
_dJUS
_fJUS
_2ddc
_n
999 _c2939
_d2939